[Event "Bundesliga 9899"]
[Site "Deutschland"]
[Date "1999.01.30"]
[Round "8.5"]
[White "Volke, Karsten"]
[Black "Vatter, Hans Joachim"]
[Result "1-0"]
[WhiteElo "2455"]
[BlackElo "2412"]
[PlyCount "143"]
[EventDate "1998.10.17"]
[EventType "team"]
[EventRounds "15"]
[EventCountry "GER"]
[SourceTitle "Bundesliga 9899"]
[Source "DeepChess"]
[SourceDate "2005.01.01"]
[SourceVersion "1"]
[SourceVersionDate "2005.01.01"]
[SourceQuality "1"]
[WhiteTeam "PSV Turm Duisburg 1920 e.V."]
[BlackTeam "SK Zaehringen 1921"]
[WhiteTeamCountry "GER"]
[BlackTeamCountry "GER"]

1. e4 c5 2. Nf3 e6 3. d4 cxd4 4. Nxd4 a6 5. Bd3 Bc5 6. Nb3 Ba7 7. c4 Nc6 8. O-O
d6 9. Qe2 Nf6 10. Nc3 O-O 11. Be3 Bxe3 12. Qxe3 b6 13. Rfd1 Rb8 14. Bf1 Qe7 15.
Rd2 Rd8 16. Rad1 h6 17. h3 e5 18. Nd5 Nxd5 19. cxd5 Na5 20. Rc1 Nxb3 21. Qxb3
b5 22. Rdc2 f5 23. Rc7 Qg5 24. exf5 Bxf5 25. R1c3 Rbc8 26. R7c6 Ra8 27. Re3 Qh4
28. Bd3 Bxd3 29. Qxd3 Ra7 30. Qg6 Rf7 31. Rf3 Rxf3 32. gxf3 Kh8 33. Qg4 Qf6 34.
Rxa6 e4 35. fxe4 Qxb2 36. Qf5 Qd4 37. Rc6 Qa1+ 38. Kg2 Qxa2 39. Rxd6 Rxd6 40.
Qf8+ Kh7 41. Qxd6 Qd2 42. Qe5 b4 43. d6 b3 44. Qf5+ Kh8 45. d7 b2 46. Qd5 Qxd5
47. exd5 b1=Q 48. d8=Q+ Kh7 49. Qd7 Qe4+ 50. Kg3 Qd3+ 51. f3 Qd4 52. Qf5+ Kh8
53. Qf8+ Kh7 54. Qf5+ Kh8 55. Qe6 Qg1+ 56. Kf4 Qh2+ 57. Ke3 Qg1+ 58. Ke4 Qe1+
59. Kf5 Qg3 60. Ke4 Qe1+ 61. Kd4 Qd2+ 62. Kc5 Qc3+ 63. Kb6 Qb4+ 64. Kc7 Qc3+
65. Kd8 Qxf3 66. d6 Kh7 67. d7 Qf8+ 68. Kc7 Qc5+ 69. Qc6 Qe5+ 70. Kb7 Qg5 71.
Qc2+ g6 72. Kc8 1-0

[Event "Bundesliga 9899"]
[Site "Deutschland"]
[Date "1999.01.30"]
[Round "8.6"]
[White "Maier, Christian"]
[Black "Kraut, Rainer"]
[Result "0-1"]
[WhiteElo "2353"]
[BlackElo "2460"]
[PlyCount "36"]
[EventDate "1998.10.17"]
[EventType "team"]
[EventRounds "15"]
[EventCountry "GER"]
[SourceTitle "Bundesliga 9899"]
[Source "DeepChess"]
[SourceDate "2005.01.01"]
[SourceVersion "1"]
[SourceVersionDate "2005.01.01"]
[SourceQuality "1"]
[WhiteTeam "SK Zaehringen 1921"]
[BlackTeam "PSV Turm Duisburg 1920 e.V."]
[WhiteTeamCountry "GER"]
[BlackTeamCountry "GER"]

1. c4 e5 2. Nc3 Nf6 3. Nf3 Nc6 4. d4 e4 5. Ne5 Bb4 6. Bg5 h6 7. Nxc6 dxc6 8.
Bh4 e3 9. fxe3 g5 10. Bf2 Ne4 11. Qb3 Qe7 12. g3 a5 13. a3 Bxc3+ 14. bxc3 Qf6
15. Bg1 Qxf1+ 16. Kxf1 Nd2+ 17. Ke1 Nxb3 18. Rb1 Bf5 0-1

[Event "Bundesliga 9899"]
[Site "Deutschland"]
[Date "1999.01.30"]
[Round "8.7"]
[White "Zude, Arno"]
[Black "Herbrechtsmeier, Christof"]
[Result "1-0"]
[WhiteElo "2395"]
[BlackElo "2309"]
[PlyCount "127"]
[EventDate "1998.10.17"]
[EventType "team"]
[EventRounds "15"]
[EventCountry "GER"]
[SourceTitle "Bundesliga 9899"]
[Source "DeepChess"]
[SourceDate "2005.01.01"]
[SourceVersion "1"]
[SourceVersionDate "2005.01.01"]
[SourceQuality "1"]
[WhiteTeam "PSV Turm Duisburg 1920 e.V."]
[BlackTeam "SK Zaehringen 1921"]
[WhiteTeamCountry "GER"]
[BlackTeamCountry "GER"]

1. e4 c5 2. Nf3 Nc6 3. d4 cxd4 4. Nxd4 g6 5. c4 Nf6 6. Nc3 d6 7. Be2 Nxd4 8.
Qxd4 Bg7 9. Bg5 O-O 10. Qd2 Be6 11. Rc1 a6 12. b3 b5 13. cxb5 axb5 14. Bxb5 Qa5
15. Bc6 Ra6 16. Ba4 Rc8 17. O-O Rxc3 18. Qxc3 Qxg5 19. Qd3 Qa5 20. f4 Ra8 21.
Kh1 Bc8 22. Rfe1 Ba6 23. Qe3 Bb7 24. e5 dxe5 25. Rc5 Qd8 26. fxe5 Ng4 27. Qe2
Qd4 28. Rc4 Nf2+ 29. Kg1 Nh3+ 30. Kh1 Nf2+ 31. Kg1 Nh3+ 32. Kh1 Qb6 33. Rc2 Rd8
34. Rec1 Nf4 35. Qb5 Qd4 36. Qa5 Bxe5 37. Bc6 Bxc6 38. Rxc6 Nd3 39. Qxd8+ Qxd8
40. Rc8 Qxc8 41. Rxc8+ Kg7 42. a4 Bd4 43. a5 e5 44. g3 Kf6 45. a6 Nb4 46. Rc7
Ke6 47. a7 Bxa7 48. Rxa7 h5 49. Kg2 g5 50. Rc7 f5 51. Rg7 Kf6 52. Rh7 h4 53.
Rh6+ Ke7 54. gxh4 gxh4 55. Rxh4 e4 56. Rh7+ Ke6 57. Rh8 f4 58. Re8+ Kf5 59. h4
Nd5 60. h5 Ne3+ 61. Kh3 f3 62. h6 Kg6 63. Kg3 Nf5+ 64. Kf2 1-0

[Event "Bundesliga 9899"]
[Site "Deutschland"]
[Date "1999.01.30"]
[Round "8.8"]
[White "Schuh, Hubert"]
[Black "Schmitz, Joachim"]
[Result "1/2-1/2"]
[WhiteElo "2305"]
[BlackElo "2320"]
[PlyCount "27"]
[EventDate "1998.10.17"]
[EventType "team"]
[EventRounds "15"]
[EventCountry "GER"]
[SourceTitle "Bundesliga 9899"]
[Source "DeepChess"]
[SourceDate "2005.01.01"]
[SourceVersion "1"]
[SourceVersionDate "2005.01.01"]
[SourceQuality "1"]
[WhiteTeam "SK Zaehringen 1921"]
[BlackTeam "PSV Turm Duisburg 1920 e.V."]
[WhiteTeamCountry "GER"]
[BlackTeamCountry "GER"]

1. d4 d5 2. c4 c6 3. Nf3 Nf6 4. Qc2 dxc4 5. Qxc4 Bf5 6. Nc3 e6 7. g3 Nbd7 8.
Bg2 Be7 9. O-O O-O 10. Bf4 Ne4 11. Rad1 Qa5 12. Nxe4 Bxe4 13. a3 Rfd8 14. Ne5
1/2-1/2

[Event "Bundesliga 9899"]
[Site "Deutschland"]
[Date "1999.01.30"]
[Round "8.3"]
[White "Schmidt, Peter"]
[Black "Knaak, Rainer"]
[Result "0-1"]
[WhiteElo "2412"]
[BlackElo "2540"]
[PlyCount "74"]
[EventDate "1998.10.17"]
[EventType "team"]
[EventRounds "15"]
[EventCountry "GER"]
[SourceTitle "Bundesliga 9899"]
[Source "DeepChess"]
[SourceDate "2005.01.01"]
[SourceVersion "1"]
[SourceVersionDate "2005.01.01"]
[SourceQuality "1"]
[WhiteTeam "SK Passau 1869"]
[BlackTeam "SAbt SV Werder Bremen"]
[WhiteTeamCountry "GER"]
[BlackTeamCountry "GER"]

1. d4 e6 2. Nf3 d5 3. c4 c6 4. Qc2 Nf6 5. Bg5 h6 6. Bxf6 Qxf6 7. e3 Nd7 8. Nc3
g6 9. Bd3 dxc4 10. Bxc4 Bg7 11. O-O O-O 12. a4 a5 13. Rfd1 Qe7 14. h3 Nb6 15.
Bf1 Nd5 16. e4 Nb4 17. Qb3 b6 18. Na2 Bb7 19. Nxb4 axb4 20. Bc4 Ra5 21. Rab1
Rfa8 22. d5 cxd5 23. exd5 Bxd5 24. Bxd5 exd5 25. Rxd5 Rxa4 26. Rdd1 Ra2 27. Re1
Qc5 28. g3 b5 29. Kg2 Qc4 30. Re3 Ra1 31. Rxa1 Rxa1 32. Re8+ Kh7 33. Qxc4 bxc4
34. Rc8 Rc1 35. Nd2 Rc2 36. Nxc4 Bxb2 37. Kf3 Bg7 0-1

[Event "Bundesliga 9899"]
[Site "Deutschland"]
[Date "1999.01.30"]
[Round "8.4"]
[White "Babula, Vlastimil"]
[Black "Wells, Peter K"]
[Result "1-0"]
[WhiteElo "2565"]
[BlackElo "2492"]
[PlyCount "99"]
[EventDate "1998.10.17"]
[EventType "team"]
[EventRounds "15"]
[EventCountry "GER"]
[SourceTitle "Bundesliga 9899"]
[Source "DeepChess"]
[SourceDate "2005.01.01"]
[SourceVersion "1"]
[SourceVersionDate "2005.01.01"]
[SourceQuality "1"]
[WhiteTeam "SAbt SV Werder Bremen"]
[BlackTeam "SK Passau 1869"]
[WhiteTeamCountry "GER"]
[BlackTeamCountry "GER"]

1. d4 Nf6 2. c4 e6 3. Nc3 Bb4 4. e3 O-O 5. Bd3 d5 6. Nf3 c5 7. O-O cxd4 8. exd4
dxc4 9. Bxc4 b6 10. Bg5 Bb7 11. Ne5 Nc6 12. Ba6 Bxa6 13. Nxc6 Qd6 14. Bxf6 gxf6
15. Qg4+ Kh8 16. Qf3 f5 17. Rfd1 Bxc3 18. Qxc3 Rac8 19. d5+ f6 20. Qa3 Qxa3 21.
bxa3 exd5 22. Ne7 Rc3 23. Rxd5 Rxa3 24. Rc1 Re8 25. Rc7 Rxa2 26. h4 Re2 27.
Nxf5 R2e5 28. Rxe5 Rxe5 29. g4 h5 30. Nh6 Re1+ 31. Kh2 hxg4 32. Nxg4 Bd3 33.
Rxa7 Re6 34. Kg3 f5 35. Ne3 Kg8 36. Rb7 b5 37. Kf4 Re4+ 38. Kg5 b4 39. Nd5 Rg4+
40. Kh5 Kf8 41. Rxb4 Be4 42. Nf6 Rf4 43. Rb2 Kf7 44. Kg5 Rf3 45. h5 Rh3 46. h6
Rh2 47. h7 Rg2+ 48. Kf4 Rh2 49. Nxe4 fxe4 50. Rb8 1-0

[Event "Bundesliga 9899"]
[Site "Deutschland"]
[Date "1999.01.30"]
[Round "8.5"]
[White "Smejkal, Jan"]
[Black "Meins, Gerlef"]
[Result "1/2-1/2"]
[WhiteElo "2525"]
[BlackElo "2439"]
[PlyCount "124"]
[EventDate "1998.10.17"]
[EventType "team"]
[EventRounds "15"]
[EventCountry "GER"]
[SourceTitle "Bundesliga 9899"]
[Source "DeepChess"]
[SourceDate "2005.01.01"]
[SourceVersion "1"]
[SourceVersionDate "2005.01.01"]
[SourceQuality "1"]
[WhiteTeam "SK Passau 1869"]
[BlackTeam "SAbt SV Werder Bremen"]
[WhiteTeamCountry "GER"]
[BlackTeamCountry "GER"]

1. Nf3 Nf6 2. g3 d5 3. Bg2 e6 4. O-O Be7 5. c4 O-O 6. d4 c6 7. Qc2 Nbd7 8. b3
b6 9. Rd1 Ba6 10. Nbd2 Rc8 11. e4 c5 12. exd5 exd5 13. Bb2 Re8 14. Qf5 g6 15.
Qh3 Bf8 16. Ne5 cxd4 17. Nxd7 Nxd7 18. Bxd4 dxc4 19. Ne4 Re6 20. Bc3 Bg7 21.
Bxg7 Kxg7 22. Nd6 Qf6 23. Nxc8 Bxc8 24. Qg4 Ne5 25. Qf4 Qxf4 26. gxf4 Nd3 27.
Bh3 f5 28. Bf1 Nxf4 29. Bxc4 Re7 30. Rd2 Bb7 31. Rad1 Bc6 32. Rd6 Be8 33. Kf1
b5 34. Bd3 Nxd3 35. R6xd3 b4 36. Re3 Bb5+ 37. Ke1 Rc7 38. Kd2 a5 39. Rc1 Rd7+
40. Ke1 a4 41. Rc5 Rb7 42. Ree5 axb3 43. axb3 Bd3 44. Kd2 Be4 45. Ke3 Kf6 46.
f3 Bb1 47. Rb5 Rd7 48. Red5 Rxd5 49. Rxd5 Bc2 50. Rb5 Bxb3 51. Rxb4 Be6 52. Rb7
h6 53. Rh7 Kg5 54. f4+ Kh5 55. h4 Bb3 56. Kd4 Bd1 57. Ke5 Bf3 58. Rh8 Be2 59.
Kf6 Bg4 60. Kg7 Kxh4 61. Rxh6+ Kg3 62. Rxg6 Kxf4 1/2-1/2

[Event "Bundesliga 9899"]
[Site "Deutschland"]
[Date "1999.01.30"]
[Round "8.6"]
[White "Heissler, Jakob"]
[Black "Pichler, Juergen"]
[Result "1/2-1/2"]
[WhiteElo "2450"]
[BlackElo "2395"]
[PlyCount "58"]
[EventDate "1998.10.17"]
[EventType "team"]
[EventRounds "15"]
[EventCountry "GER"]
[SourceTitle "Bundesliga 9899"]
[Source "DeepChess"]
[SourceDate "2005.01.01"]
[SourceVersion "1"]
[SourceVersionDate "2005.01.01"]
[SourceQuality "1"]
[WhiteTeam "SAbt SV Werder Bremen"]
[BlackTeam "SK Passau 1869"]
[WhiteTeamCountry "GER"]
[BlackTeamCountry "GER"]

1. e4 e6 2. d3 d5 3. Nd2 c5 4. Ngf3 Nc6 5. g3 Nge7 6. Bg2 g6 7. O-O Bg7 8. exd5
exd5 9. d4 cxd4 10. Nb3 Bg4 11. h3 Bxf3 12. Qxf3 O-O 13. Nc5 Rc8 14. Nd3 Ne5
15. Nxe5 Bxe5 16. Re1 Qd6 17. Qb3 Rfd8 18. Re2 b6 19. Bg5 Bf6 20. Bf4 Qc5 21.
Rae1 Nc6 22. h4 d3 23. Qxd3 Bxb2 24. Bh3 Bc3 25. Rd1 Ra8 26. h5 Bf6 27. Rde1
Nd4 28. Rd2 Nc6 29. Rde2 Nd4 1/2-1/2

[Event "Bundesliga 9899"]
[Site "Deutschland"]
[Date "1999.01.30"]
[Round "8.7"]
[White "Schlingensiepen, Christian"]
[Black "Kachiani Gersinska, Ketino"]
[Result "1/2-1/2"]
[WhiteElo "2340"]
[BlackElo "2439"]
[PlyCount "105"]
[EventDate "1998.10.17"]
[EventType "team"]
[EventRounds "15"]
[EventCountry "GER"]
[SourceTitle "Bundesliga 9899"]
[Source "DeepChess"]
[SourceDate "2005.01.01"]
[SourceVersion "1"]
[SourceVersionDate "2005.01.01"]
[SourceQuality "1"]
[WhiteTeam "SK Passau 1869"]
[BlackTeam "SAbt SV Werder Bremen"]
[WhiteTeamCountry "GER"]
[BlackTeamCountry "GER"]

1. e4 c6 2. d3 d5 3. Nd2 e5 4. Ngf3 Bd6 5. g3 Nf6 6. Bg2 O-O 7. O-O Nbd7 8. c3
Re8 9. Qc2 Bf8 10. Re1 dxe4 11. dxe4 Nc5 12. Bf1 b5 13. b4 Na4 14. c4 Bd7 15.
a3 a5 16. c5 Qc8 17. Bg2 Bh3 18. Nf1 Bxg2 19. Kxg2 Nh5 20. Be3 Qe6 21. N1d2 h6
22. Nb3 axb4 23. axb4 Rad8 24. Na5 Rd7 25. Rad1 Red8 26. Rxd7 Rxd7 27. Rd1 Nf6
28. Rxd7 Nxd7 29. Nd2 Be7 30. Qb3 Qxb3 31. Ndxb3 Nb8 32. Nc1 f6 33. Nd3 Kf7 34.
Bd2 Bd8 35. Nb3 Ke6 36. g4 Nd7 37. h4 Bc7 38. h5 Nf8 39. Nbc1 Kd7 40. Ne2 Ne6
41. Be3 Bd8 42. Kf1 Bc7 43. Ke1 Ke8 44. Kd2 Kf7 45. Ng3 Ke8 46. Nf5 Kf7 47. Kc2
Ke8 48. Ne1 Kd7 49. Ng2 Ke8 50. Ngh4 Kf7 51. Ng6 Ke8 52. Kb3 Bb8 53. Kc2
1/2-1/2

[Event "Bundesliga 9899"]
[Site "Deutschland"]
[Date "1999.01.30"]
[Round "8.8"]
[White "Meyer, Claus Dieter"]
[Black "Gross, David2"]
[Result "1/2-1/2"]
[WhiteElo "2315"]
[BlackElo "2371"]
[PlyCount "119"]
[EventDate "1998.10.17"]
[EventType "team"]
[EventRounds "15"]
[EventCountry "GER"]
[SourceTitle "Bundesliga 9899"]
[Source "DeepChess"]
[SourceDate "2005.01.01"]
[SourceVersion "1"]
[SourceVersionDate "2005.01.01"]
[SourceQuality "1"]
[WhiteTeam "SAbt SV Werder Bremen"]
[BlackTeam "SK Passau 1869"]
[WhiteTeamCountry "GER"]
[BlackTeamCountry "GER"]

1. e4 c5 2. Nf3 Nc6 3. Bb5 e6 4. Bxc6 bxc6 5. d3 Ne7 6. O-O Ng6 7. Re1 Be7 8.
Nbd2 Qc7 9. Nf1 O-O 10. Ng3 d6 11. Qe2 e5 12. Nf5 Bf6 13. g4 Nf4 14. Bxf4 exf4
15. c3 g6 16. g5 Bd8 17. Nh6+ Kg7 18. h4 f6 19. Kg2 fxg5 20. hxg5 Bxg5 21. Nxg5
Kxh6 22. Nf3 Kg7 23. Rh1 h5 24. e5 Bf5 25. exd6 Qxd6 26. Qe5+ Qxe5 27. Nxe5
Rad8 28. Rad1 Rd6 29. Kf3 Kf6 30. d4 Rfd8 31. Kxf4 cxd4 32. Nf3 dxc3 33. Rxd6+
Rxd6 34. bxc3 Rd3 35. Rc1 Be6 36. Ng5 Bd5 37. a3 Rd2 38. f3 Ra2 39. c4 Be6 40.
Rd1 Bf5 41. Rd6+ Ke7 42. Rxc6 Rxa3 43. Ke5 Kd7 44. Rf6 a5 45. Ra6 a4 46. c5 Ra1
47. Kd5 Kc7 48. Ra7+ Kb8 49. Ra5 Kb7 50. Nf7 Rd1+ 51. Ke5 Bc2 52. Nd6+ Kc6 53.
Ne4 h4 54. Ra6+ Kb5 55. Rb6+ Ka5 56. Nd6 a3 57. Nc4+ Ka4 58. c6 a2 59. Nb2+ Ka5
60. Nc4+ 1/2-1/2

[Event "Bundesliga 9899"]
[Site "Deutschland"]
[Date "1999.01.30"]
[Round "8.1"]
[White "Georgiev, Kiril"]
[Black "Movsesian, Sergei"]
[Result "1/2-1/2"]
[WhiteElo "2659"]
[BlackElo "2650"]
[PlyCount "69"]
[EventDate "1998.10.17"]
[EventType "team"]
[EventRounds "15"]
[EventCountry "GER"]
[SourceTitle "Bundesliga 9899"]
[Source "DeepChess"]
[SourceDate "2005.01.01"]
[SourceVersion "1"]
[SourceVersionDate "2005.01.01"]
[SourceQuality "1"]
[WhiteTeam "SG Bochum 31"]
[BlackTeam "SF Neukoelln 03 e.V."]
[WhiteTeamCountry "GER"]
[BlackTeamCountry "GER"]

1. d4 Nf6 2. c4 c6 3. Nc3 d5 4. Nf3 a6 5. Ne5 Nbd7 6. Bf4 Nxe5 7. dxe5 Ne4 8.
Nxe4 dxe4 9. Qxd8+ Kxd8 10. O-O-O+ Ke8 11. f3 c5 12. fxe4 Bd7 13. e3 e6 14. Bd3
Be7 15. h4 h6 16. g4 Bc6 17. Bc2 Rd8 18. h5 Rd7 19. Rhf1 Bd8 20. a3 a5 21. b3
Bc7 22. Kb2 Rxd1 23. Rxd1 g5 24. hxg6 fxg6 25. Rh1 g5 26. Bg3 Kf7 27. Rf1+ Kg7
28. Rf6 Bd7 29. Bd1 Rf8 30. Kc1 b6 31. Rxf8 Kxf8 32. a4 Be8 33. Kd2 Kg7 34. Bf3
Bg6 35. Kd3 1/2-1/2

[Event "Bundesliga 9899"]
[Site "Deutschland"]
[Date "1999.01.30"]
[Round "8.2"]
[White "Luther, Thomas"]
[Black "Krasenkow, Michal"]
[Result "0-1"]
[WhiteElo "2542"]
[BlackElo "2643"]
[PlyCount "69"]
[EventDate "1998.10.17"]
[EventType "team"]
[EventRounds "15"]
[EventCountry "GER"]
[SourceTitle "Bundesliga 9899"]
[Source "DeepChess"]
[SourceDate "2005.01.01"]
[SourceVersion "1"]
[SourceVersionDate "2005.01.01"]
[SourceQuality "1"]
[WhiteTeam "SF Neukoelln 03 e.V."]
[BlackTeam "SG Bochum 31"]
[WhiteTeamCountry "GER"]
[BlackTeamCountry "GER"]

1. e4 c5 2. Nf3 Nc6 3. d4 cxd4 4. Nxd4 Nf6 5. Nc3 e5 6. Ndb5 d6 7. Bg5 a6 8.
Na3 b5 9. Bxf6 gxf6 10. Nd5 f5 11. c3 Bg7 12. exf5 Bxf5 13. Nc2 Be6 14. Nce3
Ne7 15. g3 Nxd5 16. Nxd5 O-O 17. Bg2 f5 18. O-O a5 19. Ne3 e4 20. Nd5 Kh8 21.
f3 Bxd5 22. Qxd5 Qb6+ 23. Kh1 e3 24. f4 b4 25. Qd3 bxc3 26. bxc3 Rac8 27. Rac1
Qc5 28. Rfe1 Rfe8 29. c4 Rb8 30. Re2 Rb2 31. Rxb2 Bxb2 32. Re1 Qd4 33. Qe2 Bc3
34. Bc6 Bxe1 35. Bxe8 0-1

[Event "Bundesliga 9899"]
[Site "Deutschland"]
[Date "1999.01.30"]
[Round "8.3"]
[White "Keitlinghaus, Ludger"]
[Black "Stohl, Igor"]
[Result "0-1"]
[WhiteElo "2471"]
[BlackElo "2561"]
[PlyCount "96"]
[EventDate "1998.10.17"]
[EventType "team"]
[EventRounds "15"]
[EventCountry "GER"]
[SourceTitle "Bundesliga 9899"]
[Source "DeepChess"]
[SourceDate "2005.01.01"]
[SourceVersion "1"]
[SourceVersionDate "2005.01.01"]
[SourceQuality "1"]
[WhiteTeam "SG Bochum 31"]
[BlackTeam "SF Neukoelln 03 e.V."]
[WhiteTeamCountry "GER"]
[BlackTeamCountry "GER"]

1. e4 c5 2. c3 Nf6 3. e5 Nd5 4. d4 cxd4 5. cxd4 d6 6. Nf3 Nc6 7. Bc4 Nb6 8. Bb5
dxe5 9. Nxe5 Bd7 10. Bxc6 Bxc6 11. Nxc6 bxc6 12. O-O g6 13. Re1 Bg7 14. Bg5 Nc8
15. Qc1 O-O 16. Qxc6 Rb8 17. Re2 Qxd4 18. Nc3 Rxb2 19. Rxb2 Qxc3 20. Qxc3 Bxc3
21. Rab1 Bxb2 22. Rxb2 Nb6 23. h3 e6 24. Be3 Rb8 25. a4 Ra8 26. Bxb6 axb6 27.
Rxb6 Rxa4 28. Rb5 h5 29. g3 h4 30. g4 Kg7 31. Kg2 Rd4 32. Rb7 Kf6 33. Ra7 e5
34. Rb7 Ke6 35. Rb8 Kf6 36. Rb7 Rf4 37. Rb5 Rc4 38. Rb7 Rd4 39. Ra7 Rd3 40. Rb7
Ke6 41. Rb8 Kf6 42. Rb7 e4 43. Ra7 Ke6 44. Ra8 Ke5 45. Rh8 Rd2 46. Rh7 e3 47.
Rxf7 Rxf2+ 48. Rxf2 exf2 0-1

[Event "Bundesliga 9899"]
[Site "Deutschland"]
[Date "1999.01.30"]
[Round "8.5"]
[White "Reschke, Stefan"]
[Black "Berndt, Stephan"]
[Result "0-1"]
[WhiteElo "2357"]
[BlackElo "2501"]
[PlyCount "64"]
[EventDate "1998.10.17"]
[EventType "team"]
[EventRounds "15"]
[EventCountry "GER"]
[SourceTitle "Bundesliga 9899"]
[Source "DeepChess"]
[SourceDate "2005.01.01"]
[SourceVersion "1"]
[SourceVersionDate "2005.01.01"]
[SourceQuality "1"]
[WhiteTeam "SG Bochum 31"]
[BlackTeam "SF Neukoelln 03 e.V."]
[WhiteTeamCountry "GER"]
[BlackTeamCountry "GER"]

1. d4 Nf6 2. c4 g6 3. g3 Bg7 4. Bg2 d5 5. cxd5 Nxd5 6. Nf3 Nb6 7. a4 a5 8. Nc3
Nc6 9. Nb5 Nb4 10. Bf4 N6d5 11. Rc1 c6 12. Na3 Nxf4 13. gxf4 O-O 14. Nc4 Be6
15. O-O Bd5 16. e3 Rc8 17. Nce5 f6 18. Nd3 Nxd3 19. Qxd3 Qb6 20. Nd2 Qb4 21.
Qc3 Bxg2 22. Kxg2 e5 23. Qxb4 axb4 24. Rc4 exf4 25. exf4 Rfd8 26. Nb3 Bf8 27.
Nc5 b5 28. Rxb4 bxa4 29. Rxa4 Rb8 30. Ne6 Rd7 31. Rc1 Rd6 32. Re1 Re8 0-1

[Event "Bundesliga 9899"]
[Site "Deutschland"]
[Date "1999.01.30"]
[Round "8.6"]
[White "Brynell, Stellan"]
[Black "Ellers, Holger"]
[Result "0-1"]
[WhiteElo "2489"]
[BlackElo "2417"]
[PlyCount "94"]
[EventDate "1998.10.17"]
[EventType "team"]
[EventRounds "15"]
[EventCountry "GER"]
[SourceTitle "Bundesliga 9899"]
[Source "DeepChess"]
[SourceDate "2005.01.01"]
[SourceVersion "1"]
[SourceVersionDate "2005.01.01"]
[SourceQuality "1"]
[WhiteTeam "SF Neukoelln 03 e.V."]
[BlackTeam "SG Bochum 31"]
[WhiteTeamCountry "GER"]
[BlackTeamCountry "GER"]

1. e4 e6 2. d4 d5 3. Nd2 c5 4. Ngf3 cxd4 5. Nxd4 Nc6 6. Bb5 Bd7 7. Nxc6 bxc6 8.
Bd3 Bd6 9. Qe2 Ne7 10. e5 Bc5 11. O-O Ng6 12. Nf3 O-O 13. c4 Qb6 14. h4 f6 15.
exf6 gxf6 16. Qc2 Kg7 17. Qd2 Rh8 18. h5 Nf8 19. Qh6+ Kf7 20. Bd2 Rg8 21. Rae1
Re8 22. Bc3 d4 23. Bd2 Qxb2 24. Re2 Qa3 25. Qf4 e5 26. Nxe5+ Rxe5 27. Rxe5 Bd6
28. Ra5 Qxa5 29. Qxd6 Qxd2 30. Qxd4 Qg5 31. g3 c5 32. Qe4 Qxh5 33. Rb1 Rg5 34.
Be2 Qg6 35. Qxg6+ hxg6 36. Rb7 Ke7 37. Rxa7 Ne6 38. Kh2 Re5 39. Bf3 Nd4 40. Bd5
Re2 41. Kg1 Kd6 42. a4 Be6 43. Ra6+ Kc7 44. Kf1 f5 45. a5 Bxd5 46. cxd5 Ra2 47.
Rxg6 c4 0-1

[Event "Bundesliga 9899"]
[Site "Deutschland"]
[Date "1999.01.30"]
[Round "8.7"]
[White "Ankerst, Mihael"]
[Black "Polzin, Rainer"]
[Result "1/2-1/2"]
[WhiteElo "2316"]
[BlackElo "2443"]
[PlyCount "73"]
[EventDate "1998.10.17"]
[EventType "team"]
[EventRounds "15"]
[EventCountry "GER"]
[SourceTitle "Bundesliga 9899"]
[Source "DeepChess"]
[SourceDate "2005.01.01"]
[SourceVersion "1"]
[SourceVersionDate "2005.01.01"]
[SourceQuality "1"]
[WhiteTeam "SG Bochum 31"]
[BlackTeam "SF Neukoelln 03 e.V."]
[WhiteTeamCountry "GER"]
[BlackTeamCountry "GER"]

1. e4 g6 2. d4 Bg7 3. Nc3 d6 4. Be3 Nf6 5. Qd2 c6 6. f3 b5 7. g4 h5 8. g5 Nfd7
9. f4 Nb6 10. Bd3 d5 11. Nf3 Bg4 12. Ne5 Bxe5 13. fxe5 b4 14. Nd1 Bf3 15. O-O
dxe4 16. Be2 Bxe2 17. Qxe2 Qd5 18. a3 bxa3 19. b3 O-O 20. Nc3 Qe6 21. Nxe4 N8d7
22. c4 a5 23. Rxa3 a4 24. Rc1 axb3 25. Rxb3 c5 26. dxc5 Na4 27. Bd4 Rfd8 28.
Ra3 Nxe5 29. Bxe5 Qxe5 30. Rca1 Rd4 31. Nf6+ exf6 32. Qxe5 fxe5 33. Rxa4 Rf8
34. c6 Rd6 35. Re1 Rxc6 36. Rxe5 Rfc8 37. Re4 1/2-1/2

[Event "Bundesliga 9899"]
[Site "Deutschland"]
[Date "1999.01.30"]
[Round "8.8"]
[White "Rudolf, Henrik"]
[Black "Kitte, Sebastian"]
[Result "1/2-1/2"]
[WhiteElo "2338"]
[BlackElo "2330"]
[PlyCount "101"]
[EventDate "1998.10.17"]
[EventType "team"]
[EventRounds "15"]
[EventCountry "GER"]
[SourceTitle "Bundesliga 9899"]
[Source "DeepChess"]
[SourceDate "2005.01.01"]
[SourceVersion "1"]
[SourceVersionDate "2005.01.01"]
[SourceQuality "1"]
[WhiteTeam "SF Neukoelln 03 e.V."]
[BlackTeam "SG Bochum 31"]
[WhiteTeamCountry "GER"]
[BlackTeamCountry "GER"]

1. e4 c5 2. Nf3 e6 3. d4 cxd4 4. Nxd4 a6 5. Nc3 b5 6. Be2 Bb7 7. Bf3 Nc6 8. e5
Qc7 9. Nxc6 Bxc6 10. Bxc6 Qxc6 11. O-O b4 12. Ne2 d6 13. exd6 Bxd6 14. c3 bxc3
15. Nxc3 Ne7 16. Qg4 O-O 17. Rd1 f5 18. Qe2 Kh8 19. Bg5 Ng6 20. Rac1 Bf4 21.
Bxf4 Nxf4 22. Qf1 Qb7 23. g3 Ng6 24. Qe2 Rf6 25. Rd3 Qc7 26. Rcd1 Ne5 27. Re3
Nc4 28. Rxe6 Rxe6 29. Qxe6 Nxb2 30. Nd5 Qc8 31. Re1 Nd3 32. Nb6 Qxe6 33. Rxe6
Rb8 34. Rd6 Nc5 35. Nc4 h6 36. Rc6 Rb5 37. Nd6 Ra5 38. Nc4 Rb5 39. Nd6 Ra5 40.
Rc8+ Kh7 41. Nc4 Rb5 42. Rc6 f4 43. gxf4 Nd3 44. Rxa6 Nxf4 45. f3 Rc5 46. Ne3
Rc3 47. Kf2 Nh3+ 48. Kg3 Rxe3 49. Kxh3 Rxf3+ 50. Kg4 Rf2 51. Kg3 1/2-1/2

[Event "Bundesliga 9899"]
[Site "Deutschland"]
[Date "1999.01.30"]
[Round "8.1"]
[White "Lutz, Christopher"]
[Black "Rausis, Igors"]
[Result "1-0"]
[WhiteElo "2610"]
[BlackElo "2508"]
[PlyCount "77"]
[EventDate "1998.10.17"]
[EventType "team"]
[EventRounds "15"]
[EventCountry "GER"]
[SourceTitle "Bundesliga 9899"]
[Source "DeepChess"]
[SourceDate "2005.01.01"]
[SourceVersion "1"]
[SourceVersionDate "2005.01.01"]
[SourceQuality "1"]
[WhiteTeam "SG Porz e.V."]
[BlackTeam "SK Viernheim"]
[WhiteTeamCountry "GER"]
[BlackTeamCountry "GER"]

1. e4 c6 2. d4 d5 3. e5 Bf5 4. Nf3 e6 5. a3 Nd7 6. Be2 Ne7 7. O-O c5 8. dxc5
Nxc5 9. b4 Nd7 10. Nbd2 Nc6 11. Bb2 Be7 12. c4 O-O 13. cxd5 exd5 14. Nb3 Be4
15. Nbd4 Nxd4 16. Nxd4 Nb6 17. f3 Bg6 18. Qb3 Rc8 19. f4 Be4 20. f5 Bg5 21.
Rad1 Nc4 22. Bxc4 dxc4 23. Qg3 Bh4 24. Qg4 Bd3 25. f6 g5 26. Nf5 c3 27. Nxh4
Kh8 28. Bc1 c2 29. Rxd3 Qxd3 30. Nf3 Rc4 31. Qxg5 Rg8 32. Qe3 Qg6 33. g3 Rg4
34. Qf2 Rd8 35. Qe2 h5 36. e6 Re4 37. Qxc2 h4 38. e7 Rg8 39. Bg5 1-0